Gödel, Escher, Bach: un eterno y grácil bucle

Sábháilte in:
Sonraí bibleagrafaíochta
Príomhchruthaitheoir: Hofstadter, Douglas R (Údar)
Formáid: LEABHAR
Teanga:Spáinnis
Foilsithe / Cruthaithe: Barcelona Tusquets 1998
Eagrán:6a. ed
Sraith:Metatemas. Libros para pensar la ciencia, 14
Ábhair:
Clibeanna: Cuir clib leis
Níl clibeanna ann, Bí ar an gcéad duine le clib a chur leis an taifead seo!

MARC

LEADER 00000nam a2200000 a 4500
001 UCO5220
003 CL-VaPUC
005 20250324091010.0
008 000825e19980000SP |||||||||||||||||spa|d
999 |c 291164  |d 291162 
040 |c Pontificia Universidad Católica de Valparaíso 
082 0 4 |a 510.1 HOF 1998  |2 21 
100 |a Hofstadter, Douglas R  |e author  |9 601431 
245 1 0 |a Gödel, Escher, Bach: un eterno y grácil bucle 
250 |a 6a. ed 
260 |a Barcelona  |b Tusquets  |c 1998 
300 |a 882 p 
490 0 |a Metatemas. Libros para pensar la ciencia, 14 
583 |a last modification  |c 20000825 00:00:00  |k Rodrigo Vera 
600 0 |a Gödel, Kurt Friedrich  |2 CL-VaPUC  |9 269759  |d 1906-1978 
600 0 |a Escher, Maurits Cornelis  |d 1898-1972  |9 267648 
600 0 |a Bach, Johann Sebastian  |d 1685-1750  |e compositor  |9 269760 
650 0 |a Inteligencia artificial (IA)  |9 262362 
650 0 |a Metamatemáticas  |2 CL-VaPUC  |9 268160 
942 |c BK  |2 ddc 
945 |d 20000825 00:00:00  |a vberengu 
952 |0 0  |1 0  |4 0  |6 510_100000000000000_HOF_1998  |7 0  |8 A  |9 340916  |a BIBARQ  |b BIBARQ  |d 2019-11-20  |i 3644995  |l 1  |o 510.1 HOF 1998  |p 3644995  |r 2025-03-18  |s 2025-03-18  |w 2019-11-20  |y BK  |k ARQ